Entwicklungspsychologie des Jugendalters: ein Lehrbuch für pädagogische und psychologische Berufe
Nach dem Verlassen der Primarstufe des Bildungswesens und dem Eintritt in die Sekundarstufe verwandeln sich Jugendliche nicht nur äußerlich, sondern auch in ihrer psychischen Gestalt. Wie sie die neuen Entwicklungsaufgaben meistern und welche Kontexte dabei hilfreich sind, bildet den Kern dieser päd...
| 1. VerfasserIn: | |
|---|---|
| Medienart: | Druck Buch |
| Sprache: | Deutsch |
| Veröffentlicht: |
Opladen
Leske + Budrich
2000
|
| In: | Jahr: 2000 |
| Online-Zugang: |
Cover Inhaltsverzeichnis |
| Bestand in Tübingen: | In Tübingen vorhanden. IFK: N V 223 |
| Verfügbarkeit prüfen: | HBZ Gateway |
| Subito Bestelldienst: | Jetzt bestellen. |
| Schlagwörter: |
MARC
| LEADER | 00000cam a2200000 c 4500 | ||
|---|---|---|---|
| 001 | 271332417 | ||
| 003 | DE-627 | ||
| 005 | 20251222144941.0 | ||
| 007 | tu | ||
| 008 | 990707s2000 gw ||||| 00| ||ger c | ||
| 015 | |a 01,A07,0230 |2 dnb | ||
| 016 | 7 | |a 960448527 |2 DE-101 | |
| 020 | |a 3810023787 |9 3-8100-2378-7 | ||
| 020 | |a 3825281906 |9 3-8252-8190-6 | ||
| 020 | |z 3810023788 | ||
| 024 | 3 | |a 9783825281908 | |
| 035 | |a (DE-627)271332417 | ||
| 035 | |a (DE-576)078408873 | ||
| 035 | |a (DE-599)GBV271332417 | ||
| 035 | |a (OCoLC)231870707 | ||
| 035 | |a (OCoLC)67551130 | ||
| 035 | |a (DE-604)8126362661 | ||
| 040 | |a DE-627 |b ger |c DE-627 |e rakwb | ||
| 041 | |a ger | ||
| 044 | |c XA-DE-NW | ||
| 082 | 0 | 4 | |a 11 |q dnb |
| 084 | |a PSY 330 |2 sfb | ||
| 084 | |a 11 |2 sdnb | ||
| 084 | |a 5,2 |2 ssgn | ||
| 084 | |a 5,2 |a 1 |2 ssgn | ||
| 084 | |a CQ 6000 |2 rvk |0 (DE-625)rvk/19011: | ||
| 084 | |a CQ 6600 |2 rvk |0 (DE-625)rvk/19014: | ||
| 084 | |a CX 1000 |2 rvk |0 (DE-625)rvk/19213: | ||
| 084 | |a DS 3000 |2 rvk |0 (DE-625)rvk/19933:761 | ||
| 084 | |a BQ 7335 |2 rvk |0 (DE-625)rvk/15604: | ||
| 084 | |a BQ 5830 |2 rvk |0 (DE-625)rvk/15523: | ||
| 084 | |a BQ 5590 |2 rvk |0 (DE-625)rvk/15500: | ||
| 084 | |a 77.56 |2 bkl | ||
| 090 | |a a | ||
| 100 | 1 | |a Fend, Helmut |d 1940- |0 (DE-588)119301741 |0 (DE-627)080108229 |0 (DE-576)160926971 |4 aut | |
| 109 | |a Fend, Helmut 1940- | ||
| 245 | 1 | 0 | |a Entwicklungspsychologie des Jugendalters |b ein Lehrbuch für pädagogische und psychologische Berufe |c Helmut Fend |
| 264 | 1 | |a Opladen |b Leske + Budrich |c 2000 | |
| 300 | |a 523 S. |b Ill., graph. Darst. |c 24 cm | ||
| 336 | |a Text |b txt |2 rdacontent | ||
| 337 | |a ohne Hilfsmittel zu benutzen |b n |2 rdamedia | ||
| 338 | |a Band |b nc |2 rdacarrier | ||
| 490 | 0 | |a UTB |v 8190 |a Psychologie | |
| 500 | |a Literaturverz. S. [475] - 506 | ||
| 520 | |a Nach dem Verlassen der Primarstufe des Bildungswesens und dem Eintritt in die Sekundarstufe verwandeln sich Jugendliche nicht nur äußerlich, sondern auch in ihrer psychischen Gestalt. Wie sie die neuen Entwicklungsaufgaben meistern und welche Kontexte dabei hilfreich sind, bildet den Kern dieser pädagogisch inspirierten Entwicklungspsychologie des Jugendalters. Ein Lehrbuch zum aktuellen Wissensstand über die Lebensphase der Adoleszenz. | ||
| 583 | 1 | |a Archivierung/Langzeitarchivierung gewährleistet |f SSG |x XA-DE-BW |2 pdager |5 DE-21 | |
| 650 | 4 | |a Entwicklungspsychologie | |
| 650 | 4 | |a Jugendliche | |
| 650 | 4 | |a Jugend | |
| 650 | 4 | |a Adoleszenz | |
| 650 | 4 | |a Pädagogische Psychologie | |
| 650 | 4 | |a Geschichte der Psychologie | |
| 655 | 7 | |a Lehrbuch |0 (DE-588)4123623-3 |0 (DE-627)104270187 |0 (DE-576)209561262 |2 gnd-content | |
| 689 | 0 | 0 | |d s |0 (DE-588)4028859-6 |0 (DE-627)104419199 |0 (DE-576)208979859 |a Jugend |2 gnd |
| 689 | 0 | 1 | |d s |0 (DE-588)4014963-8 |0 (DE-627)106338218 |0 (DE-576)208909990 |a Entwicklungspsychologie |2 gnd |
| 689 | 0 | |5 DE-101 | |
| 689 | 1 | 0 | |d s |0 (DE-588)4073110-8 |0 (DE-627)106093266 |0 (DE-576)209189428 |a Jugendpsychologie |2 gnd |
| 689 | 1 | |5 (DE-627) | |
| 856 | 4 | 2 | |u http://www.gbv.de/dms/bs/toc/271332417.pdf |m V:DE-601 |m B:DE-84 |q pdf/application |x Verlag |y Inhaltsverzeichnis |3 Inhaltsverzeichnis |7 1 |
| 856 | 4 | 2 | |u https://swbplus.bsz-bw.de/bsz078408873cov.jpg |m V:DE-576 |m X:springer |q image/jpeg |v 20130402155352 |3 Cover |7 1 |
| 935 | |a mteo | ||
| 935 | |i sf | ||
| 935 | |i Blocktest | ||
| 936 | r | v | |a CQ 6000 |b Kindheit und Jugend |k Psychologie |k Entwicklungspsychologie |k Kindheit und Jugend |0 (DE-627)1270875655 |0 (DE-625)rvk/19011: |0 (DE-576)200875655 |
| 936 | r | v | |a CQ 6600 |b Jugend |k Psychologie |k Entwicklungspsychologie |k Jugend |0 (DE-627)1271362864 |0 (DE-625)rvk/19014: |0 (DE-576)201362864 |
| 936 | r | v | |a CX 1000 |b Allgemeines |k Psychologie |k Pädagogische Psychologie |k Allgemeines |0 (DE-627)127148417X |0 (DE-625)rvk/19213: |0 (DE-576)20148417X |
| 936 | r | v | |a DS 3000 |b Allgemeines und Deutschland |k Pädagogik |k Sozialpädagogik, Sozialarbeit |k Geschichte |k Allgemeines |k Allgemeines und Deutschland |0 (DE-627)1270784277 |0 (DE-625)rvk/19933:761 |0 (DE-576)200784277 |
| 936 | r | v | |a BQ 7335 |b Literatur für Religionslehrer /Religionslehrerinnen |k Theologie und Religionswissenschaften |k Evangelische Praktische Theologie |k Katechetik, Religionspädagogik, Gemeindepädagogik |k Religionspädagogik |k Literatur für Religionslehrer /Religionslehrerinnen |0 (DE-627)1272623580 |0 (DE-625)rvk/15604: |0 (DE-576)202623580 |
| 936 | r | v | |a BQ 5830 |b Seelsorge an Jugendlichen |k Theologie und Religionswissenschaften |k Evangelische Praktische Theologie |k Seelsorge |k Seelsorge an verschiedenen Altersgruppen |k Seelsorge an Jugendlichen |0 (DE-627)1272622525 |0 (DE-625)rvk/15523: |0 (DE-576)202622525 |
| 936 | r | v | |a BQ 5590 |b Seelsorge im Spannungsfeld der Wissenschaften (Psychologie, Psychotherapie) |k Theologie und Religionswissenschaften |k Evangelische Praktische Theologie |k Seelsorge |k Allgemeines zur Seelsorge |k Seelsorge im Spannungsfeld der Wissenschaften (Psychologie, Psychotherapie) |0 (DE-627)127262224X |0 (DE-625)rvk/15500: |0 (DE-576)20262224X |
| 936 | b | k | |a 77.56 |j Jugendpsychologie |0 (DE-627)106413198 |
| 951 | |a BO | ||
| ELC | |b 1 | ||
| LOK | |0 000 xxxxxcx a22 zn 4500 | ||
| LOK | |0 001 3102152171 | ||
| LOK | |0 003 DE-627 | ||
| LOK | |0 004 271332417 | ||
| LOK | |0 005 20020306000000 | ||
| LOK | |0 008 020306||||||||||||||||ger||||||| | ||
| LOK | |0 040 |a DE-21-110 |c DE-627 |d DE-21-110 | ||
| LOK | |0 852 |a DE-21-110 | ||
| LOK | |0 852 1 |c N V 223 |m p |9 00 | ||
| LOK | |0 935 |a k110 | ||
| LOK | |0 936ln |a 8.7.3 | ||
| LOK | |0 938 |k p | ||
| LOK | |0 939 |a 06-03-02 |b l01 | ||
| ORI | |a SA-MARC-krimdoka001.raw | ||
| SIG | |a IFK: N V 223 | ||
